| 000 | 01062nam a2200301Ia 4500 | ||
|---|---|---|---|
| 008 | 170203s9999 xx 000 0 und d | ||
| 020 | _a0 746007116 | ||
| 050 | _a0 30 | ||
| 050 | _bC591t 1992 | ||
| 245 | 4 | _aThe Usborne geography quizbook / | |
| 245 | _cMarit Claridge and Paul Dowswell ; edited by Judy Tatchell ; designed by Ruth Russell ; illustrated by Chris Lyon ; additional design and illustration by Richard Johnson and Rachel Lockwood ; consultant, John Brennan. | ||
| 260 | _aLondon : | ||
| 260 | _bUsborne Pub. | ||
| 260 | _c1992 | ||
| 300 | _a32 pages : | ||
| 300 | _bcolor illustrations, color maps ; | ||
| 300 | _c30 cm. | ||
| 440 | _aUsborne quizbooks. | ||
| 500 | _a"An exciting introduction to geography with questions, answers and puzzles."--Cover. | ||
| 650 | _aEarth (Planet) | ||
| 650 | _aEarth (Planet) -- | ||
| 650 | _aGeography -- | ||
| 650 | _aGeography. | ||
| 650 | _xJuvenile literature. | ||
| 650 | _xJuvenile literature. | ||
| 700 | _aDowswell, Paul, Author. | ||
| 700 | _aLyon, Chris, illustrator. | ||
| 999 |
_c305566 _d305566 |
||